[Event "ODJM B 2025"]
[Site "Willingen GER"]
[Date "2025.06.12"]
[Round "7"]
[White "Jones, Colin"]
[Black "Krannich, Eva"]
[Result "1-0"]
[Termination "normal"]
[Board "56"]
[WhiteElo "1531"]
[BlackElo "1509"]
[WhiteClock "01:31:01"]
[BlackClock "00:22:54"]
[PlyCount "109"]
[WhiteFideId "533043655"]
[BlackFideId "34639713"]
[EventCountry "GER"]
[EventRounds "9"]
[EventType "swiss"]
[EventDate "2025.06.07"]

1. e4 {[%clk 01:30:55]} {[%emt 00:00:04]} c5 {[%clk 01:30:55]} {[%emt
00:00:05]} 2. Nc3 {[%clk 01:31:19]} {[%emt 00:00:06]} g6 {[%clk 01:31:02]}
{[%emt 00:00:24]} 3. d4 {[%clk 01:31:40]} {[%emt 00:00:09]} cxd4 {[%clk
01:31:15]} {[%emt 00:00:17]} 4. Qxd4 {[%clk 01:32:04]} {[%emt 00:00:05]} Nf6
{[%clk 01:31:40]} {[%emt 00:00:06]} 5. Be3 {[%clk 01:32:24]} {[%emt 00:00:10]}
Bg7 {[%clk 01:30:39]} {[%emt 00:01:30]} 6. f3 {[%clk 01:32:35]} {[%emt
00:00:19]} d6 {[%clk 01:27:19]} {[%emt 00:03:51]} 7. O-O-O {[%clk 01:29:02]}
{[%emt 00:04:03]} Nc6 {[%clk 01:15:08]} {[%emt 00:12:41]} 8. Qd2 {[%clk
01:28:58]} {[%emt 00:00:34]} h5 {[%clk 01:15:33]} {[%emt 00:00:05]} 9. Bc4
{[%clk 01:28:49]} {[%emt 00:00:39]} a6 {[%clk 01:12:46]} {[%emt 00:03:15]} 10.
Bd5 {[%clk 01:26:50]} {[%emt 00:02:31]} Bd7 {[%clk 01:12:34]} {[%emt 00:00:42]}
11. Nge2 {[%clk 01:23:04]} {[%emt 00:04:15]} Rc8 {[%clk 01:09:42]} {[%emt
00:03:23]} 12. Na4 {[%clk 01:22:07]} {[%emt 00:01:26]} b5 {[%clk 01:01:31]}
{[%emt 00:08:41]} 13. Bb6 {[%clk 01:22:04]} {[%emt 00:00:33]} Rc7 {[%clk
01:01:32]} {[%emt 00:00:29]} 14. Bxc6 {[%clk 01:19:10]} {[%emt 00:03:23]} Bxc6
{[%clk 01:01:09]} {[%emt 00:00:54]} 15. Qa5 {[%clk 01:14:06]} {[%emt 00:05:34]}
bxa4 {[%clk 00:58:45]} {[%emt 00:02:54]} 16. Bxc7 {[%clk 01:14:12]} {[%emt
00:00:23]} Qc8 {[%clk 00:58:45]} {[%emt 00:00:32]} 17. e5 {[%clk 01:13:09]}
{[%emt 00:01:32]} Nd5 {[%clk 00:56:42]} {[%emt 00:02:32]} 18. exd6 {[%clk
01:12:47]} {[%emt 00:00:52]} Qb7 {[%clk 00:52:57]} {[%emt 00:04:17]} 19. Nd4
{[%clk 01:10:25]} {[%emt 00:02:51]} Ne3 {[%clk 00:43:50]} {[%emt 00:09:37]} 20.
Qe1 {[%clk 01:08:38]} {[%emt 00:02:17]} Bh6 {[%clk 00:43:18]} {[%emt 00:01:03]}
21. Kb1 {[%clk 01:08:15]} {[%emt 00:00:53]} O-O {[%clk 00:33:40]} {[%emt
00:10:07]} 22. Rd3 {[%clk 01:07:09]} {[%emt 00:01:36]} Nc4 {[%clk 00:33:19]}
{[%emt 00:00:52]} 23. b3 {[%clk 01:06:52]} {[%emt 00:00:46]} Nxd6 {[%clk
00:22:35]} {[%emt 00:11:14]} 24. Nxc6 {[%clk 01:06:02]} {[%emt 00:01:20]} Qxc6
{[%clk 00:22:44]} {[%emt 00:00:21]} 25. Qxe7 {[%clk 01:05:47]} {[%emt
00:00:44]} Nf5 {[%clk 00:21:33]} {[%emt 00:01:42]} 26. Qd7 {[%clk 01:04:30]}
{[%emt 00:01:47]} Qf6 {[%clk 00:20:12]} {[%emt 00:01:51]} 27. Re1 {[%clk
01:03:54]} {[%emt 00:01:06]} a3 {[%clk 00:19:45]} {[%emt 00:00:57]} 28. Be5
{[%clk 01:04:08]} {[%emt 00:00:16]} Qh4 {[%clk 00:19:56]} {[%emt 00:00:19]} 29.
Bc3 {[%clk 01:03:58]} {[%emt 00:00:40]} Qxh2 {[%clk 00:19:16]} {[%emt
00:01:11]} 30. Re8 {[%clk 01:03:32]} {[%emt 00:00:56]} Qg1+ {[%clk 00:17:13]}
{[%emt 00:02:32]} 31. Rd1 {[%clk 01:02:55]} {[%emt 00:01:07]} Qc5 {[%clk
00:17:26]} {[%emt 00:00:17]} 32. Bd4 {[%clk 01:00:16]} {[%emt 00:03:08]} Nxd4
{[%clk 00:15:17]} {[%emt 00:02:40]} 33. Rxf8+ {[%clk 01:00:36]} {[%emt
00:00:10]} Bxf8 {[%clk 00:15:03]} {[%emt 00:00:44]} 34. Qxd4 {[%clk 01:00:51]}
{[%emt 00:00:15]} Qg5 {[%clk 00:15:07]} {[%emt 00:00:26]} 35. g4 {[%clk
01:00:31]} {[%emt 00:00:50]} hxg4 {[%clk 00:13:25]} {[%emt 00:02:12]} 36. Qxg4
{[%clk 01:00:10]} {[%emt 00:00:51]} Qe5 {[%clk 00:13:02]} {[%emt 00:00:54]} 37.
Qd4 {[%clk 01:00:21]} {[%emt 00:00:18]} Qh2 {[%clk 00:12:43]} {[%emt 00:00:48]}
38. f4 {[%clk 00:59:56]} {[%emt 00:00:56]} Qg3 {[%clk 00:08:47]} {[%emt
00:04:26]} 39. Rh1 {[%clk 00:59:40]} {[%emt 00:00:45]} Bg7 {[%clk 00:08:02]}
{[%emt 00:01:16]} 40. Qd8+ {[%clk 01:00:00]} {[%emt 00:00:10]} Bf8 {[%clk
00:08:20]} {[%emt 00:00:12]} 41. Qh4 {[%clk 01:00:07]} {[%emt 00:00:23]} Qxh4
{[%clk 00:07:41]} {[%emt 00:01:09]} 42. Rxh4 {[%clk 01:00:29]} {[%emt
00:00:08]} Kg7 {[%clk 00:07:36]} {[%emt 00:00:36]} 43. c4 {[%clk 01:00:24]}
{[%emt 00:00:35]} Kf6 {[%clk 00:06:54]} {[%emt 00:01:11]} 44. Rh1 {[%clk
01:00:12]} {[%emt 00:00:42]} Ke6 {[%clk 00:06:53]} {[%emt 00:00:31]} 45. Kc2
{[%clk 01:00:34]} {[%emt 00:00:08]} Bb4 {[%clk 00:06:57]} {[%emt 00:00:26]} 46.
Kd3 {[%clk 01:00:47]} {[%emt 00:00:17]} Kd6 {[%clk 00:05:50]} {[%emt 00:01:37]}
47. Ke4 {[%clk 01:00:35]} {[%emt 00:00:42]} Ke6 {[%clk 00:05:53]} {[%emt
00:00:27]} 48. Rd1 {[%clk 01:00:14]} {[%emt 00:00:50]} f6 {[%clk 00:03:34]}
{[%emt 00:02:50]} 49. Rg1 {[%clk 01:00:11]} {[%emt 00:00:32]} a5 {[%clk
00:23:57]} {[%emt 00:10:08]} 50. Rxg6 {[%clk 01:30:14]} {[%emt 00:00:27]} Kf7
{[%clk 00:23:48]} {[%emt 00:00:39]} 51. f5 {[%clk 01:30:20]} {[%emt 00:00:24]}
Bd6 {[%clk 00:22:24]} {[%emt 00:01:54]} 52. Kd5 {[%clk 01:30:32]} {[%emt
00:00:17]} Be5 {[%clk 00:22:39]} {[%emt 00:00:15]} 53. Rg2 {[%clk 01:30:19]}
{[%emt 00:00:41]} Ke7 {[%clk 00:22:36]} {[%emt 00:00:35]} 54. Re2 {[%clk
01:30:40]} {[%emt 00:00:09]} Kd7 {[%clk 00:22:54]} {[%emt 00:00:14]} 55. Rxe5
{[%clk 01:31:01]} {[%emt 00:00:08]} 1-0

[Event "ODJM B 2025"]
[Site "Willingen GER"]
[Date "2025.06.12"]
[Round "7"]
[White "de Cauter, Leah"]
[Black "Mlynarski, Milosz"]
[Result "0-1"]
[Termination "normal"]
[Board "57"]
[WhiteElo "1649"]
[BlackElo "1647"]
[WhiteClock "00:01:06"]
[BlackClock "00:54:36"]
[PlyCount "72"]
[WhiteFideId "16222350"]
[BlackFideId "34636854"]
[EventCountry "GER"]
[EventRounds "9"]
[EventType "swiss"]
[EventDate "2025.06.07"]

1. c4 {[%clk 01:30:55]} {[%emt 00:00:04]} Nf6 {[%clk 01:30:50]} {[%emt
00:00:10]} 2. g3 {[%clk 01:31:18]} {[%emt 00:00:07]} c5 {[%clk 01:31:14]}
{[%emt 00:00:06]} 3. Bg2 {[%clk 01:31:40]} {[%emt 00:00:09]} e6 {[%clk
01:31:37]} {[%emt 00:00:06]} 4. Nf3 {[%clk 01:31:16]} {[%emt 00:00:54]} d5
{[%clk 01:31:34]} {[%emt 00:00:33]} 5. b3 {[%clk 01:30:13]} {[%emt 00:01:33]}
Nc6 {[%emt 00:02:33]} 6. Bb2 {[%clk 01:30:09]} Be7 {[%clk 01:28:49]} {[%emt
00:01:46]} 7. O-O {[%clk 01:30:20]} {[%emt 00:00:19]} O-O {[%clk 01:28:43]}
{[%emt 00:00:36]} 8. d3 {[%clk 01:30:39]} {[%emt 00:00:11]} a6 {[%clk
01:27:17]} {[%emt 00:01:57]} 9. Nbd2 {[%clk 01:28:18]} {[%emt 00:02:50]} b5
{[%clk 01:24:51]} {[%emt 00:02:56]} 10. e4 {[%clk 01:23:55]} {[%emt 00:04:53]}
d4 {[%clk 01:18:05]} {[%emt 00:07:15]} 11. e5 {[%clk 01:22:43]} {[%emt
00:01:42]} Nd7 {[%clk 01:17:45]} {[%emt 00:00:51]} 12. Nxd4 {[%clk 01:09:58]}
{[%emt 00:13:16]} cxd4 {[%clk 01:14:52]} {[%emt 00:03:22]} 13. Bxc6 {[%clk
01:09:51]} {[%emt 00:00:37]} Rb8 {[%clk 01:15:10]} {[%emt 00:00:13]} 14. Bxd4
{[%clk 00:47:04]} {[%emt 00:23:17]} Qc7 {[%clk 01:14:48]} {[%emt 00:00:51]} 15.
Bxd7 {[%clk 00:31:53]} {[%emt 00:15:41]} Qxd7 {[%clk 01:15:04]} {[%emt
00:00:13]} 16. Nf3 {[%clk 00:30:51]} {[%emt 00:01:32]} Bb7 {[%clk 01:12:09]}
{[%emt 00:03:26]} 17. Bc3 {[%clk 00:29:05]} {[%emt 00:02:16]} Qc6 {[%clk
01:05:05]} {[%emt 00:07:34]} 18. Kg2 {[%clk 00:24:52]} {[%emt 00:04:43]} g5
{[%clk 01:03:15]} {[%emt 00:02:20]} 19. h3 {[%clk 00:22:30]} {[%emt 00:02:52]}
f5 {[%clk 01:02:39]} {[%emt 00:01:06]} 20. exf6 {[%clk 00:19:23]} {[%emt
00:03:38]} Bxf6 {[%clk 01:02:56]} {[%emt 00:00:12]} 21. d4 {[%clk 00:11:36]}
{[%emt 00:08:17]} Bxd4 {[%clk 01:01:30]} {[%emt 00:01:59]} 22. Bxd4 {[%clk
00:10:33]} {[%emt 00:01:30]} Rxf3 {[%clk 01:01:45]} {[%emt 00:00:15]} 23. Rg1
{[%clk 00:04:35]} {[%emt 00:06:28]} Rd3+ {[%clk 01:02:07]} {[%emt 00:00:08]}
24. Kh2 {[%clk 00:04:03]} {[%emt 00:01:01]} Rxd1 {[%clk 01:02:13]} {[%emt
00:00:25]} 25. Raxd1 {[%emt 00:02:54]} Rd8 {[%clk 00:59:53]} 26. cxb5 {[%clk
00:04:22]} {[%emt 00:00:37]} axb5 {[%clk 01:00:03]} {[%emt 00:00:20]} 27. Rc1
{[%clk 00:03:57]} {[%emt 00:00:54]} Qd5 {[%clk 00:56:23]} {[%emt 00:04:11]} 28.
Rc7 {[%clk 00:02:16]} {[%emt 00:02:10]} Rd7 {[%clk 00:53:22]} {[%emt 00:03:31]}
29. Rxd7 {[%clk 00:02:09]} {[%emt 00:00:37]} Qxd7 {[%clk 00:53:46]} {[%emt
00:00:07]} 30. Be3 {[%clk 00:02:30]} {[%emt 00:00:09]} Qd5 {[%clk 00:54:06]}
{[%emt 00:00:09]} 31. Bc1 {[%clk 00:02:17]} {[%emt 00:00:42]} Qf3 {[%clk
00:53:21]} {[%emt 00:01:16]} 32. Be3 {[%clk 00:02:18]} {[%emt 00:00:30]} h5
{[%clk 00:53:35]} {[%emt 00:00:16]} 33. g4 {[%clk 00:01:16]} {[%emt 00:01:33]}
h4 {[%clk 00:53:50]} {[%emt 00:00:12]} 34. Bc5 {[%clk 00:00:44]} {[%emt
00:01:04]} Qf4+ {[%clk 00:54:09]} {[%emt 00:00:11]} 35. Rg3 {[%clk 00:00:50]}
{[%emt 00:00:22]} hxg3+ {[%clk 00:54:25]} {[%emt 00:00:16]} 36. fxg3 {[%clk
00:01:06]} {[%emt 00:00:14]} Qf3 {[%clk 00:54:36]} {[%emt 00:00:19]} 0-1

[Event "ODJM B 2025"]
[Site "Willingen GER"]
[Date "2025.06.12"]
[Round "7"]
[White "Rabus, Johann"]
[Black "Jacoby, Angelina"]
[Result "0-1"]
[Termination "normal"]
[Board "58"]
[WhiteElo "1579"]
[BlackElo "1707"]
[WhiteClock "00:34:13"]
[BlackClock "00:03:54"]
[PlyCount "74"]
[WhiteFideId "34602950"]
[BlackFideId "12999008"]
[EventCountry "GER"]
[EventRounds "9"]
[EventType "swiss"]
[EventDate "2025.06.07"]

1. e4 {[%clk 01:30:58]} c5 {[%clk 01:30:47]} {[%emt 00:00:14]} 2. c3 {[%clk
01:31:09]} {[%emt 00:00:19]} Nf6 {[%clk 01:30:50]} {[%emt 00:00:28]} 3. e5
{[%clk 01:31:23]} {[%emt 00:00:16]} Nd5 {[%emt 00:00:26]} 4. d4 {[%clk
01:31:46]} cxd4 {[%clk 01:30:48]} {[%emt 00:00:43]} 5. cxd4 {[%clk 01:32:09]}
{[%emt 00:00:06]} e6 {[%clk 01:30:30]} {[%emt 00:00:50]} 6. Nf3 {[%clk
01:29:57]} {[%emt 00:02:41]} Nc6 {[%clk 01:26:05]} {[%emt 00:04:55]} 7. Bd3
{[%clk 01:23:34]} {[%emt 00:06:50]} Be7 {[%clk 01:20:37]} {[%emt 00:06:00]} 8.
O-O {[%clk 01:21:36]} {[%emt 00:02:28]} O-O {[%clk 01:19:25]} {[%emt 00:01:43]}
9. Nbd2 {[%clk 01:18:21]} {[%emt 00:03:44]} d6 {[%clk 00:51:12]} {[%emt
00:28:45]} 10. exd6 {[%clk 01:09:10]} {[%emt 00:09:40]} Bxd6 {[%clk 00:49:50]}
{[%emt 00:01:52]} 11. Ne4 {[%clk 01:09:31]} {[%emt 00:00:08]} Be7 {[%clk
00:42:18]} {[%emt 00:08:03]} 12. a3 {[%clk 01:03:27]} {[%emt 00:06:34]} b6
{[%clk 00:20:31]} {[%emt 00:22:18]} 13. Qe2 {[%clk 00:54:20]} {[%emt 00:09:36]}
Bb7 {[%clk 00:19:09]} {[%emt 00:01:52]} 14. Bb5 {[%clk 00:54:28]} {[%emt
00:00:22]} Qc7 {[%clk 00:12:32]} {[%emt 00:07:07]} 15. Neg5 {[%clk 00:52:37]}
{[%emt 00:02:20]} Bxg5 {[%clk 00:06:53]} {[%emt 00:06:10]} 16. Nxg5 {[%clk
00:51:36]} {[%emt 00:01:31]} Nf6 {[%clk 00:05:45]} {[%emt 00:01:39]} 17. Be3
{[%clk 00:43:51]} {[%emt 00:08:14]} Ne7 {[%clk 00:05:32]} {[%emt 00:00:43]} 18.
Rac1 {[%clk 00:43:52]} {[%emt 00:00:28]} Qd6 {[%clk 00:05:36]} {[%emt
00:00:26]} 19. Rfd1 {[%clk 00:42:04]} {[%emt 00:02:18]} Ned5 {[%clk 00:05:35]}
{[%emt 00:00:32]} 20. Nf3 {[%clk 00:41:38]} {[%emt 00:00:55]} Rac8 {[%clk
00:05:13]} {[%emt 00:00:53]} 21. Ne5 {[%clk 00:41:50]} {[%emt 00:00:17]} Rfd8
{[%clk 00:04:35]} {[%emt 00:01:09]} 22. Ba6 {[%clk 00:39:47]} {[%emt 00:02:33]}
Qb8 {[%clk 00:02:43]} {[%emt 00:02:22]} 23. Qb5 {[%clk 00:38:50]} {[%emt
00:01:25]} Nc7 {[%clk 00:02:08]} {[%emt 00:01:06]} 24. Nc6 {[%clk 00:32:15]}
{[%emt 00:07:06]} Bxc6 {[%clk 00:02:08]} {[%emt 00:00:30]} 25. Qxc6 {[%clk
00:32:34]} {[%emt 00:00:10]} Nxa6 {[%clk 00:02:32]} {[%emt 00:00:06]} 26. Qa4
{[%clk 00:32:30]} {[%emt 00:00:35]} Qb7 {[%clk 00:02:38]} {[%emt 00:00:24]} 27.
b4 {[%clk 00:31:22]} {[%emt 00:01:38]} Nc7 {[%clk 00:02:23]} {[%emt 00:00:45]}
28. Qc6 {[%clk 00:31:37]} {[%emt 00:00:14]} Qxc6 {[%clk 00:02:24]} {[%emt
00:00:29]} 29. Rxc6 {[%clk 00:32:03]} {[%emt 00:00:04]} Ncd5 {[%clk 00:02:44]}
{[%emt 00:00:11]} 30. Rdc1 {[%clk 00:32:27]} {[%emt 00:00:06]} Ne7 {[%clk
00:02:03]} {[%emt 00:01:11]} 31. Rc7 {[%clk 00:32:48]} {[%emt 00:00:08]} Rxc7
{[%clk 00:02:11]} {[%emt 00:00:22]} 32. Rxc7 {[%clk 00:33:12]} {[%emt
00:00:06]} Rd7 {[%clk 00:02:29]} {[%emt 00:00:12]} 33. Rc2 {[%clk 00:33:26]}
{[%emt 00:00:16]} Nfd5 {[%clk 00:02:41]} {[%emt 00:00:19]} 34. Bg5 {[%clk
00:33:48]} {[%emt 00:00:07]} f6 {[%clk 00:03:00]} {[%emt 00:00:12]} 35. Bh4
{[%clk 00:34:06]} {[%emt 00:00:10]} Rc7 {[%clk 00:03:10]} {[%emt 00:00:21]} 36.
Rxc7 {[%clk 00:34:13]} {[%emt 00:00:23]} Nxc7 {[%clk 00:03:37]} {[%emt
00:00:04]} 37. Kf1 {[%emt 00:00:39]} Nb5 {[%clk 00:03:54]} {[%emt 00:00:11]}
0-1

[Event "ODJM B 2025"]
[Site "Willingen GER"]
[Date "2025.06.12"]
[Round "7"]
[White "Rose, Elias Bernd"]
[Black "Berger, Johanna"]
[Result "1-0"]
[Termination "normal"]
[Board "59"]
[WhiteElo "1609"]
[BlackElo "1591"]
[WhiteClock "00:05:04"]
[BlackClock "00:32:32"]
[PlyCount "67"]
[WhiteFideId "34665730"]
[BlackFideId "16207025"]
[EventCountry "GER"]
[EventRounds "9"]
[EventType "swiss"]
[EventDate "2025.06.07"]

1. e4 {[%clk 01:30:59]} c5 {[%clk 01:30:52]} {[%emt 00:00:08]} 2. Nf3 {[%clk
01:31:23]} {[%emt 00:00:05]} d6 {[%clk 01:31:19]} {[%emt 00:00:03]} 3. d4
{[%clk 01:31:39]} {[%emt 00:00:14]} cxd4 {[%clk 01:31:44]} {[%emt 00:00:05]} 4.
Nxd4 {[%clk 01:31:59]} {[%emt 00:00:10]} Nf6 {[%clk 01:32:11]} {[%emt
00:00:04]} 5. Nc3 {[%clk 01:32:19]} {[%emt 00:00:09]} g6 {[%clk 01:32:34]}
{[%emt 00:00:07]} 6. Be3 {[%clk 01:32:31]} {[%emt 00:00:19]} Bg7 {[%clk
01:32:59]} {[%emt 00:00:05]} 7. f3 {[%clk 01:30:56]} {[%emt 00:02:04]} O-O
{[%clk 01:32:24]} {[%emt 00:01:05]} 8. Bc4 {[%clk 01:31:09]} {[%emt 00:00:17]}
Nc6 {[%clk 01:32:07]} {[%emt 00:00:47]} 9. Qd2 {[%clk 01:31:28]} {[%emt
00:00:11]} Nxd4 {[%clk 01:32:24]} {[%emt 00:00:13]} 10. Bxd4 {[%clk 01:31:36]}
{[%emt 00:00:22]} Be6 {[%clk 01:32:46]} {[%emt 00:00:09]} 11. Bxe6 {[%clk
01:30:53]} {[%emt 00:01:12]} fxe6 {[%clk 01:33:11]} {[%emt 00:00:05]} 12. g4
{[%clk 01:27:53]} {[%emt 00:03:31]} Ne8 {[%clk 01:18:47]} {[%emt 00:14:54]} 13.
Bxg7 {[%emt 00:09:11]} Nxg7 {[%clk 01:18:57]} {[%emt 00:00:15]} 14. Qe3 {[%clk
01:17:13]} {[%emt 00:02:33]} e5 {[%clk 01:15:27]} {[%emt 00:04:00]} 15. h4
{[%clk 00:52:56]} {[%emt 00:24:47]} Ne6 {[%clk 01:14:21]} {[%emt 00:01:36]} 16.
Ne2 {[%clk 00:53:04]} {[%emt 00:00:22]} Qa5+ {[%clk 01:12:05]} {[%emt
00:02:46]} 17. c3 {[%clk 00:31:10]} {[%emt 00:22:24]} Nd4 {[%clk 00:58:13]}
{[%emt 00:14:22]} 18. Nxd4 {[%clk 00:28:45]} {[%emt 00:02:55]} exd4 {[%clk
00:58:37]} {[%emt 00:00:06]} 19. Qxd4 {[%clk 00:24:58]} {[%emt 00:04:16]} Rxf3
{[%clk 00:58:02]} {[%emt 00:01:05]} 20. h5 {[%clk 00:25:01]} {[%emt 00:00:27]}
Qc5 {[%clk 00:57:05]} {[%emt 00:01:27]} 21. hxg6 {[%clk 00:24:51]} {[%emt
00:00:41]} Re3+ {[%clk 00:54:14]} {[%emt 00:03:21]} 22. Kd2 {[%clk 00:15:56]}
{[%emt 00:09:24]} Qxd4+ {[%clk 00:54:21]} {[%emt 00:00:23]} 23. cxd4 {[%clk
00:16:20]} {[%emt 00:00:06]} Rxe4 {[%clk 00:53:34]} {[%emt 00:01:17]} 24. gxh7+
{[%clk 00:10:50]} {[%emt 00:06:01]} Kg7 {[%clk 00:53:39]} {[%emt 00:00:25]} 25.
Kd3 {[%clk 00:10:12]} {[%emt 00:01:08]} Rxg4 {[%clk 00:51:54]} {[%emt
00:02:15]} 26. Rae1 {[%clk 00:09:21]} {[%emt 00:01:19]} Rg3+ {[%clk 00:45:18]}
{[%emt 00:07:08]} 27. Kc4 {[%clk 00:06:37]} {[%emt 00:03:14]} Rc8+ {[%clk
00:44:06]} {[%emt 00:01:42]} 28. Kd5 {[%clk 00:06:58]} {[%emt 00:00:09]} Rg5+
{[%clk 00:43:11]} {[%emt 00:01:24]} 29. Ke6 {[%clk 00:06:59]} {[%emt 00:00:30]}
Rg6+ {[%clk 00:35:24]} {[%emt 00:08:17]} 30. Kxe7 {[%clk 00:05:26]} {[%emt
00:02:03]} Rh6 {[%clk 00:32:20]} {[%emt 00:03:34]} 31. Reg1 {[%clk 00:04:19]}
{[%emt 00:01:37]} Rg6 {[%clk 00:31:51]} {[%emt 00:00:58]} 32. h8=Q {[%clk
00:04:16]} {[%emt 00:00:34]} Rxh8 {[%clk 00:32:11]} 33. Rxg6 {[%clk 00:04:40]}
{[%emt 00:00:16]} Kxg6 {[%clk 00:32:32]} {[%emt 00:00:09]} 34. Rxh8 {[%clk
00:05:04]} {[%emt 00:00:06]} 1-0

[Event "ODJM B 2025"]
[Site "Willingen GER"]
[Date "2025.06.12"]
[Round "7"]
[White "Grunert, Greta"]
[Black "Winkler, Frida"]
[Result "0-1"]
[Termination "normal"]
[Board "60"]
[WhiteElo "1558"]
[BlackElo "1558"]
[WhiteClock "00:15:37"]
[BlackClock "00:49:04"]
[PlyCount "108"]
[WhiteFideId "16258649"]
[BlackFideId "34622322"]
[EventCountry "GER"]
[EventRounds "9"]
[EventType "swiss"]
[EventDate "2025.06.07"]

1. e4 {[%clk 01:30:58]} {[%emt 00:00:02]} d6 {[%clk 01:30:52]} {[%emt
00:00:09]} 2. d4 {[%clk 01:31:20]} {[%emt 00:00:09]} Nf6 {[%clk 01:31:16]}
{[%emt 00:00:05]} 3. Nc3 {[%clk 01:31:21]} {[%emt 00:00:29]} e5 {[%clk
01:31:34]} {[%emt 00:00:12]} 4. dxe5 {[%clk 01:30:29]} {[%emt 00:01:21]} dxe5
{[%clk 01:30:58]} {[%emt 00:01:07]} 5. Qxd8+ {[%clk 01:30:18]} {[%emt
00:00:41]} Kxd8 {[%clk 01:31:13]} {[%emt 00:00:15]} 6. Bg5 {[%clk 01:29:56]}
{[%emt 00:00:51]} Be7 {[%clk 01:30:26]} {[%emt 00:01:18]} 7. O-O-O+ {[%clk
01:23:50]} {[%emt 00:06:36]} Ke8 {[%clk 01:27:12]} {[%emt 00:03:43]} 8. Bxf6
{[%clk 01:12:20]} {[%emt 00:12:01]} Bxf6 {[%clk 01:27:08]} {[%emt 00:00:33]} 9.
Nd5 {[%clk 01:10:52]} {[%emt 00:01:59]} Bd8 {[%clk 01:27:21]} {[%emt 00:00:16]}
10. Nf3 {[%clk 01:10:02]} {[%emt 00:01:20]} Bg4 {[%clk 01:24:38]} {[%emt
00:03:12]} 11. Rd3 {[%clk 01:06:37]} {[%emt 00:03:52]} Nd7 {[%clk 01:21:57]}
{[%emt 00:03:15]} 12. Rc3 {[%clk 01:00:08]} {[%emt 00:06:58]} c6 {[%clk
01:21:49]} {[%emt 00:00:39]} 13. Nb4 {[%clk 00:56:39]} {[%emt 00:03:59]} Ba5
{[%clk 01:18:58]} {[%emt 00:03:21]} 14. Na6 bxa6 {[%clk 01:18:14]} 15. Ra3
{[%clk 00:32:11]} {[%emt 00:01:30]} Bb6 {[%clk 01:16:59]} {[%emt 00:01:48]} 16.
Bxa6 {[%clk 00:31:13]} {[%emt 00:01:27]} Rb8 {[%clk 01:11:34]} {[%emt
00:05:54]} 17. Bc4 {[%clk 00:28:29]} {[%emt 00:03:12]} f6 {[%clk 01:07:52]}
{[%emt 00:04:14]} 18. Rd1 {[%clk 00:27:30]} {[%emt 00:01:27]} Bxf2 {[%clk
01:05:23]} {[%emt 00:03:03]} 19. h3 {[%clk 00:25:05]} {[%emt 00:02:54]} Bxf3
{[%clk 01:05:18]} {[%emt 00:00:35]} 20. Rxf3 {[%clk 00:24:54]} {[%emt
00:00:40]} Bc5 {[%clk 01:05:34]} {[%emt 00:00:15]} 21. Rfd3 {[%clk 00:24:18]}
{[%emt 00:00:59]} Nf8 {[%clk 01:02:18]} {[%emt 00:03:53]} 22. g4 {[%clk
00:22:02]} {[%emt 00:02:46]} h5 {[%clk 00:57:49]} {[%emt 00:04:59]} 23. Bb3
{[%clk 00:19:22]} {[%emt 00:03:10]} hxg4 {[%clk 00:57:22]} {[%emt 00:00:57]}
24. hxg4 {[%clk 00:19:27]} {[%emt 00:00:25]} Rh4 {[%clk 00:56:20]} {[%emt
00:01:33]} 25. Rg3 {[%clk 00:19:14]} {[%emt 00:00:42]} Rd8 {[%clk 00:52:46]}
{[%emt 00:04:03]} 26. Rxd8+ {[%clk 00:16:12]} {[%emt 00:03:34]} Kxd8 {[%clk
00:53:04]} {[%emt 00:00:11]} 27. Rd3+ {[%clk 00:14:42]} {[%emt 00:02:00]} Kc7
{[%clk 00:52:45]} {[%emt 00:00:49]} 28. a3 {[%clk 00:14:27]} {[%emt 00:00:46]}
Rxg4 {[%clk 00:48:52]} {[%emt 00:04:22]} 29. Rc3 {[%clk 00:13:14]} {[%emt
00:01:43]} Nd7 {[%clk 00:47:50]} {[%emt 00:01:33]} 30. Be6 {[%clk 00:12:58]}
{[%emt 00:00:45]} Rxe4 {[%clk 00:48:01]} {[%emt 00:00:18]} 31. Bxd7 {[%clk
00:12:11]} {[%emt 00:01:17]} Be3+ {[%clk 00:48:11]} {[%emt 00:00:20]} 32. Kd1
{[%clk 00:11:27]} {[%emt 00:01:09]} Kxd7 {[%clk 00:48:34]} {[%emt 00:00:13]}
33. Rd3+ {[%clk 00:11:36]} {[%emt 00:00:21]} Rd4 {[%clk 00:48:54]} {[%emt
00:00:10]} 34. Ke2 {[%clk 00:11:07]} {[%emt 00:00:59]} Rxd3 {[%clk 00:48:22]}
{[%emt 00:01:02]} 35. cxd3 {[%clk 00:10:19]} {[%emt 00:01:18]} Bd4 {[%clk
00:46:55]} {[%emt 00:01:58]} 36. b3 {[%clk 00:10:37]} {[%emt 00:00:11]} Kd6
{[%clk 00:45:48]} {[%emt 00:01:37]} 37. Kf3 {[%clk 00:10:38]} {[%emt 00:00:29]}
Kd5 {[%clk 00:45:52]} {[%emt 00:00:27]} 38. b4 {[%clk 00:10:27]} {[%emt
00:00:40]} f5 {[%clk 00:45:52]} {[%emt 00:00:30]} 39. Kg3 {[%clk 00:10:37]}
{[%emt 00:00:21]} e4 {[%clk 00:46:07]} {[%emt 00:00:14]} 40. dxe4+ {[%clk
00:11:03]} {[%emt 00:00:04]} fxe4 {[%clk 00:46:20]} {[%emt 00:00:18]} 41. Kf4
{[%clk 00:11:25]} {[%emt 00:00:08]} g5+ {[%clk 00:46:30]} {[%emt 00:00:20]} 42.
Kg4 {[%clk 00:11:43]} {[%emt 00:00:11]} e3 {[%clk 00:46:51]} {[%emt 00:00:10]}
43. Kf3 {[%clk 00:12:08]} {[%emt 00:00:05]} g4+ {[%clk 00:47:09]} {[%emt
00:00:11]} 44. Ke2 {[%clk 00:12:22]} {[%emt 00:00:16]} g3 {[%clk 00:47:21]}
{[%emt 00:00:19]} 45. Kf1 {[%clk 00:12:27]} {[%emt 00:00:25]} g2+ {[%clk
00:47:38]} {[%emt 00:00:13]} 46. Kxg2 {[%clk 00:12:39]} {[%emt 00:00:17]} e2
{[%clk 00:48:03]} {[%emt 00:00:05]} 47. Kf3 {[%clk 00:13:01]} {[%emt 00:00:08]}
e1=Q {[%clk 00:48:24]} {[%emt 00:00:09]} 48. b5 {[%clk 00:13:16]} {[%emt
00:00:16]} Qe4+ {[%clk 00:48:41]} {[%emt 00:00:12]} 49. Kg3 {[%clk 00:13:41]}
{[%emt 00:00:05]} cxb5 {[%clk 00:49:02]} {[%emt 00:00:09]} 50. a4 {[%clk
00:14:06]} {[%emt 00:00:06]} Ke5 {[%clk 00:49:02]} {[%emt 00:00:29]} 51. axb5
{[%clk 00:14:29]} {[%emt 00:00:08]} Qf4+ {[%clk 00:49:20]} {[%emt 00:00:12]}
52. Kg2 {[%clk 00:14:55]} {[%emt 00:00:03]} Ke4 {[%clk 00:49:38]} {[%emt
00:00:12]} 53. b6 {[%clk 00:15:17]} {[%emt 00:00:09]} Qf2+ {[%clk 00:49:23]}
{[%emt 00:00:44]} 54. Kh1 {[%clk 00:15:37]} {[%emt 00:00:10]} Qg1# {[%clk
00:49:04]} {[%emt 00:00:15]} 0-1